[Event "66th ch-RUS 2013"]
[Site "Nizhny Novgorod RUS"]
[Date "2013.10.07"]
[Round "3.2"]
[White "Inarkiev,E"]
[Black "Vitiugov,N"]
[Result "1/2-1/2"]
[WhiteElo "2695"]
[BlackElo "2729"]

1.e4 c5 2.Nf3 e6 3.d4 cxd4 4.Nxd4 Nc6 5.Nc3 a6 6.Nxc6 bxc6 7.Bd3 d5 8.O-O Nf6
9.Qf3 Be7 10.e5 Nd7 11.Qg3 Kf8 12.Na4 h5 13.c4 h4 14.Qf4 h3 15.g3 dxc4 16.Bxc4 Qa5
17.Bxe6 Nxe5 18.Bb3 Rh5 19.Be3 Rb8 20.Rad1 Rb4 21.Bd4 Rf5 22.Qe4 Nf3+ 23.Kh1 Nxd4
24.Rxd4 Rxd4 25.Qxd4 Qe5 26.Qg4 c5 27.Qxh3 Bb7+ 28.Kg1 Rh5 29.Qg4 g6 30.Nc3 Rf5
31.Qe2 Qxe2 32.Nxe2 Bf6 33.f4 Bxb2 34.Rb1 Bd4+ 35.Nxd4 cxd4 36.Rd1 Bd5 37.Bc2 Rf6
38.a4 Rc6 39.Rxd4 Rxc2 40.Rxd5 Ke7 41.Ra5 Ke6 42.h3 Ra2 43.g4 Rc2 44.Rxa6+ Kd5
45.Rf6 Ke4 46.Kf1 Rh2 47.a5 Kf3 48.Ke1 Rxh3 49.g5 Rh1+ 50.Kd2 Ra1 51.a6 Ke4
52.Kc3 Kd5 53.Kb3 Kc5 54.Kc3 Kd5 55.Kd3 Ra3+ 56.Ke2 Ke4 57.Kf2 Rf3+ 58.Kg1 Rg3+
59.Kf1 Rf3+ 60.Ke2 Ra3 61.Kd1 Ra1+ 62.Kc2 Kd5 63.Kb2 Ra4 64.Kc3  1/2-1/2

[Event "Chigorin Memorial"]
[Site "St Petersburg RUS"]
[Date "2013.10.07"]
[Round "3.56"]
[White "Grinberg,E"]
[Black "Demianjuk,A"]
[Result "1-0"]
[WhiteElo "2087"]
[BlackElo "2355"]

1.e4 c5 2.Nf3 e6 3.Nc3 Nc6 4.d4 cxd4 5.Nxd4 Qc7 6.Be3 a6 7.Qf3 Bb4 8.Nxc6 bxc6
9.Bd4 f6 10.e5 Bb7 11.Qg3 Kf7 12.exf6 Qxg3 13.hxg3 Nxf6 14.O-O-O d5 15.Na4 Nd7
16.Nb6 Nxb6 17.Bxb6 e5 18.c4 Be7 19.Bd3 g6 20.Bc2 a5 21.Rhe1 Bf6 22.Bc7 Rhe8
23.Ba4 d4 24.f3 Re7 25.Bd6 Re6 26.c5 Kg7 27.Rxd4 exd4 28.Rxe6 Bc8 29.Re8 Bb7
30.Rxa8 Bxa8 31.Bc7 Kf7 32.Bxa5 Bb7 33.b4 Ke7 34.Bc2 Ba6 35.Be4 Bb5 36.Kd2 Kd7
37.Bd3 Ba4 38.Bc4 g5 39.Bb6 Be5 40.Kd3 Bxg3 41.Kxd4 h5 42.Ke4 Be1 43.Kf5 g4
44.fxg4 hxg4 45.Ba5 g3 46.Kf6 Bc2 47.Be6+ Ke8 48.Bf5 Bd1 49.Be4 Kd7 50.Kf7 Bg4
51.a3 Bc3 52.Bb6 Be6+ 53.Kg6 Bc4 54.Kf5 Bb5 55.Kf4 Bb2 56.Kxg3 Bxa3 57.Ba5 Ke6
58.Kf3 Bc1 59.g4 Bd2 60.Bc2 Bc4 61.Bf5+ Ke5 62.Bd7 Bb5 63.Kg3 Be1+ 64.Kh3 Kf6
65.Bd8+ Kf7 66.Ba5 Ke7 67.Bf5 Kf6 68.Kg2 Ke5 69.Kf3 Bd2 70.Bc2 Bc4 71.Bd1 Kd4
72.Be2 Bd5+ 73.Kg3 Ke3 74.Ba6 Be1+ 75.Kh3 Kf3 76.Bb7 Ke4 77.Bc8 Kf4 78.Bc7+ Kg5
79.Ba5 Kf4 80.Bd7 Kf3 81.g5 Kf4 82.g6 Kg5 83.g7 Kg6 84.Bxc6 Be6+ 85.Kg2 Kxg7
86.Kf3 Kf7 87.Ke4 Ke7 88.Bd5 Bc8 89.Kd3 Ba6+ 90.Kc2 Kd7 91.Kb3 Bb5 92.Bc4 Kc6
93.Bd8 Bg3 94.Bf6 Bf2 95.Be7 Bg3 96.Bf8 Be5 97.Bd6 Bg7 98.Bf7 Kd7 99.Bd5 Bf6
100.Bf4 Bd4 101.Bd2 Be5 102.Bc3 Bg3 103.Kc2 Bf2 104.Kd2 Kc7 105.Be5+ Kd7
106.Bb8 Bg1 107.Ba7 Kc7 108.Bb6+ Kc8 109.Kc3 Bh2 110.Bc4 Be5+ 111.Kb3 Bd7
112.b5 Bd4 113.Kb4 Bg4 114.Ka5 Bf3 115.Ka6 Kb8 116.c6 Be5 117.Bd8 Be4 118.Be6 Bf3
119.Bd7 Be2 120.Kb6 Bd4+ 121.Ka5 Bc3+ 122.Ka4 Bd1+ 123.Ka3 Be5 124.b6  1-0

[Event "FSGM October 2013"]
[Site "Budapest HUN"]
[Date "2013.10.08"]
[Round "4.3"]
[White "Sean,W"]
[Black "Gordon,S"]
[Result "0-1"]
[WhiteElo "2360"]
[BlackElo "2526"]

1.e4 c5 2.Nf3 e6 3.d4 cxd4 4.Nxd4 Nc6 5.Nc3 Qc7 6.Be3 a6 7.Qd2 Nf6 8.O-O-O Be7
9.f3 h5 10.Bf4 e5 11.Nf5 exf4 12.Nd5 Nxd5 13.exd5 d6 14.Nxg7+ Kf8 15.dxc6 Kxg7
16.Qxf4 Qxc6 17.Bc4 d5 18.Rhe1 Qf6 19.Qxf6+ Bxf6 20.Bxd5 Rd8  0-1

[Event "23rd EYCC Open U16 2013"]
[Site "Budva MNE"]
[Date "2013.10.08"]
[Round "9.32"]
[White "Fraser,John"]
[Black "De Vleeschauwer,M"]
[Result "0-1"]
[WhiteElo "1862"]
[BlackElo "2038"]

1.e4 c5 2.Nf3 e6 3.d4 cxd4 4.Nxd4 Nc6 5.Nc3 Qc7 6.Be3 a6 7.Qd2 Nf6 8.O-O-O b5
9.Nxc6 Qxc6 10.f3 b4 11.Ne2 e5 12.g4 Qa4 13.Kb1 h6 14.Ng3 d6 15.Bc4 Qc6 16.Bd5 Nxd5
17.Qxd5 Qxd5 18.Rxd5 Be6 19.Rd2 a5 20.Nf5 h5 21.Nxd6+ Bxd6 22.Rxd6 hxg4 23.fxg4 Bxg4
24.Rd5 f6 25.Rg1 Be6 26.Rd2 Kf7 27.Rdg2 Rag8 28.Bb6 a4 29.b3 Rh4 30.Re1 Bd7
31.Bc7 Bc6 32.Rge2 Ke6 33.Bb6 Rgh8 34.Bg1 Rg4 35.Bc5 Rhh4 36.Bxb4 Bxe4 37.Bc5 Bh7
38.Rd2 axb3 39.axb3 e4 40.Bd6 f5 41.Bg3 Rh3 42.Rd6+ Ke7 43.Red1 f4 44.Rd7+ Ke8
45.Be1 Rg1 46.Rd8+ Kf7 47.Kb2 Rxh2 48.R1d5 Bg6 49.Bb4 e3 50.R5d7+ Kf6 51.Be7+ Ke6
52.Kc3 Rxc2+ 53.Kb4 Rg4 54.Bc5 f3+ 55.Kb5 Rxc5+ 56.Kxc5 e2 57.Rd6+ Ke5 58.R6d7 Kf4
59.Rf8+ Kg3 60.Re7 Be4  0-1

[Event "23rd EYCC Open U16 2013"]
[Site "Budva MNE"]
[Date "2013.10.08"]
[Round "9.4"]
[White "Dastan,B"]
[Black "Ladva,O"]
[Result "1/2-1/2"]
[WhiteElo "2455"]
[BlackElo "2321"]

1.e4 c5 2.Nf3 e6 3.d4 cxd4 4.Nxd4 Nc6 5.Nc3 a6 6.Be3 Nf6 7.f4 Bb4 8.Bd3 e5
9.fxe5 Nxe5 10.O-O d6 11.h3 Bxc3 12.bxc3 h6 13.Qe1 O-O 14.c4 Qe7 15.Qg3 Kh8
16.a4 Be6 17.c5 Nfd7 18.cxd6 Qxd6 19.Rad1 Qe7 20.Kh1 Rac8 21.Rf4 Ng6 22.Rf2 Qh4
23.Qxh4 Nxh4 24.Nxe6 fxe6 25.Bxa6 bxa6 26.Rxd7 Rxf2 27.Bxf2 Ng6 28.Rd6 Rxc2
29.Bg3 Ne7 30.Rxa6 Nc6 31.a5 Kh7 32.Ra8 Ra2 33.Bc7 Ra4 34.Ra6 Rc4 35.Bg3 Kg6
36.Kh2 Kf6 37.Bd6 e5 38.Bc7 Kg5 39.Ra8 Rxe4 40.a6 Ra4 41.Bb6 Kg6 42.Re8 Kf7
43.Rc8 Ne7 44.Ra8 Nc6 45.a7 Kg6 46.Rc8 Nxa7 47.Ra8 Rb4 48.Bc5 Rc4 49.Bxa7 Ra4
50.g4 Ra3 51.Kg2 Kg5 52.Rf8 Rxa7 53.Rf5+ Kg6 54.Rxe5  1/2-1/2

[Event "23rd EYCC Open U16 2013"]
[Site "Budva MNE"]
[Date "2013.10.08"]
[Round "9.33"]
[White "Zagorsek,David"]
[Black "Andreev,Pete"]
[Result "1/2-1/2"]
[WhiteElo "1734"]
[BlackElo "2007"]

1.e4 c5 2.Nf3 Nc6 3.d4 cxd4 4.Nxd4 e6 5.Nc3 Qc7 6.Be3 Nf6 7.Qd2 a6 8.f3 Bb4
9.O-O-O Ne5 10.Kb1 b5 11.Ncxb5 Qa5 12.Nc3 O-O 13.Nb3 Qc7 14.Qd4 Bxc3 15.bxc3 Nc6
16.Qd6 Qxd6 17.Rxd6 Ne8 18.Rd2 d6 19.c4 f5 20.c5 f4 21.Bf2 d5 22.exd5 exd5
23.Rxd5 Be6 24.Rd2 Nc7 25.Bd3 Rab8 26.Ka1 Nb4 27.Be4 Bf7 28.Rd7 Nb5 29.c6 Be8
30.Rb7 Bxc6 31.Rxb8 Rxb8 32.Bxc6 Nxc6 33.Rd1 Nb4 34.Kb2 Nxa2 35.Ra1 Nb4 36.Bc5 Nd5
37.Rxa6 Nbc7 38.Ra7 Re8 39.Nd4 Rb8+ 40.Kc1 Ne8 41.Nf5 Ndc7 42.Nd6 Rd8 43.Nxe8 Nxe8
44.Ra4 Rd5 45.Bd4 Rg5 46.Ra8 Kf7 47.Ra7+ Ke6 48.Ra6+  1/2-1/2

[Event "Chigorin Memorial"]
[Site "St Petersburg RUS"]
[Date "2013.10.08"]
[Round "4.41"]
[White "Iljiushenok,I"]
[Black "Khanin,S"]
[Result "1-0"]
[WhiteElo "2418"]
[BlackElo "2270"]

1.e4 c5 2.Nf3 e6 3.d4 cxd4 4.Nxd4 Nc6 5.Nc3 Qc7 6.g3 a6 7.Bg2 Nf6 8.Nb3 Be7
9.O-O O-O 10.f4 d6 11.Be3 Rb8 12.g4 Re8 13.g5 Nd7 14.a4 b6 15.Rf3 Bf8 16.Qd2 Na5
17.Nxa5 bxa5 18.b3 Bb7 19.Rh3 Rbc8 20.Bf2 g6 21.Rd1 Bg7 22.Bd4 e5 23.fxe5 Nxe5
24.Qf4 Qe7 25.Kh1 f6 26.gxf6 Qxf6 27.Qd2 Rf8 28.Kg1 Qe6 29.Rg3 Rc7 30.Bb6 Rcf7
31.Qxd6 Qc8 32.Bh3 Qa8 33.Be6 Bxe4 34.Nxe4 Qxe4 35.Bxf7+ Rxf7 36.Qd8+ Bf8
37.Qd5 Nf3+ 38.Kh1 Qe2 39.Rg2 Qe7 40.Rf2 Ne5 41.Re1  1-0

[Event "US Chess League 2013"]
[Site "chess.com INT"]
[Date "2013.10.09"]
[Round "7"]
[White "Molner,M"]
[Black "Rohde,M"]
[Result "0-1"]
[WhiteElo "2506"]
[BlackElo "2468"]

1.e4 c5 2.Nf3 Nc6 3.d4 cxd4 4.Nxd4 e6 5.Nc3 Qc7 6.Be3 Nf6 7.f3 a6 8.Qd2 d6
9.O-O-O Bd7 10.g4 h6 11.h4 Ne5 12.Rg1 g6 13.g5 hxg5 14.hxg5 Nh5 15.f4 Nc4
16.Bxc4 Qxc4 17.f5 b5 18.b3 Qc7 19.fxg6 fxg6 20.Nf3 Bg7 21.Bd4 O-O 22.Bxg7 Rxf3
23.Bf6 Rc8 24.Ne2 Bc6 25.Nd4 Bxe4 26.Nxf3 Qxc2+ 27.Qxc2 Rxc2+ 28.Kb1 Rc6+
29.Kb2 Bxf3 30.Rd2 e5 31.Rf1 e4 32.Be7 Ng3 33.Rc1 Rxc1 34.Kxc1 Nf5 35.Rxd6 Nxe7
36.Rxa6 Kf7 37.Rf6+ Kg7 38.Rb6 Nd5 39.Rxb5 e3 40.Rb8 Kf7 41.Rb7+ Ke6 42.Rb8 Kd7
43.Rf8 Bg4 44.a4 Nb4 45.Rf7+ Ke8 46.Rf1 Nd3+  0-1

[Event "Indonesia Open 2013"]
[Site "Jakarta INA"]
[Date "2013.10.10"]
[Round "1.23"]
[White "Kaisar,J"]
[Black "Malakhatko,V"]
[Result "0-1"]
[WhiteElo "2299"]
[BlackElo "2519"]

1.e4 c5 2.Nf3 e6 3.d4 cxd4 4.Nxd4 Nc6 5.Nc3 Qc7 6.g3 a6 7.Bg2 h5 8.Bg5 Be7
9.h4 Nf6 10.O-O d6 11.Re1 Ne5 12.f4 Neg4 13.Bf3 e5 14.Bxf6 Nxf6 15.Nf5 Bxf5
16.exf5 O-O 17.Kg2 exf4 18.gxf4 d5 19.Nxd5 Nxd5 20.Bxd5 Rae8 21.c4 Bf6 22.Qf3 b5
23.cxb5 axb5 24.Rac1 Qd7 25.Qd3 Rxe1 26.Rxe1 Bxh4 27.Rh1 Rd8 28.Rd1 Bf6 29.b3 h4
30.Qc2 Qe7 31.Bf3 Rxd1 32.Qxd1 Qe3 33.Qe2 Qxf4 34.Bh5 Qxf5 35.Qe8+ Kh7 36.Bf3 h3+
37.Kf2 Bd4+ 38.Kg3 Be5+ 39.Kf2 h2  0-1

[Event "Chinese Teams 2013"]
[Site "Qingdao CHN"]
[Date "2013.10.10"]
[Round "11.1"]
[White "Gu,T"]
[Black "Liu,Manli"]
[Result "1/2-1/2"]
[WhiteElo "1984"]
[BlackElo "2133"]

1.e4 c5 2.Nf3 e6 3.d4 cxd4 4.Nxd4 Nc6 5.Nc3 Qc7 6.Be3 Nf6 7.Be2 a6 8.O-O Be7
9.f4 d6 10.a4 O-O 11.Kh1 Re8 12.Qe1 Bd7 13.Qg3 Bf8 14.Bd3 g6 15.Nxc6 Bxc6
16.Bd4 Bg7 17.Qh4 Qd8 18.Rae1 Rc8 19.e5 Nd5 20.Qxd8 Rexd8 21.Nxd5 Bxd5 22.Bb6 Rd7
23.h3 dxe5 24.fxe5 Bc6 25.Rf4 Rd5 26.Rfe4 Rxd3 27.cxd3 Bxe4 28.Rxe4 Rc2 29.b4 Rc3
30.d4 Rc4 31.Re1 Bf8 32.Rd1 Rxb4 33.a5 Bh6 34.g3 Rb2 35.d5 exd5 36.Rxd5 Rb5
37.Rd8+ Bf8 38.Bc7  1/2-1/2

[Event "TCh-ISL Div1 2013-14"]
[Site "Reykjavik ISL"]
[Date "2013.10.10"]
[Round "1.2"]
[White "Kristinsson,Magnus"]
[Black "Fridjonsson,J"]
[Result "0-1"]
[WhiteElo "1845"]
[BlackElo "2177"]

1.e4 c5 2.Nf3 Nc6 3.d4 cxd4 4.Nxd4 e6 5.Nc3 Nf6 6.Be3 Bb4 7.Bd3 d5 8.O-O Bxc3
9.bxc3 dxe4 10.Bb5 Qc7 11.Ba4 O-O 12.Bxc6 bxc6 13.Nb3 Ba6 14.Re1 Rad8 15.Qc1 Ng4
16.Bf4 e5 17.Bg5 f6 18.Be3 Nxe3 19.Qxe3 f5 20.Nc5 Bc8 21.Rab1 Qa5 22.Nb7 Bxb7
23.Rxb7 Rf7 24.Rb2 h6 25.h3 Rfd7 26.Reb1 Qd5 27.Rb7 Qxa2 28.R1b2 Qc4 29.Qxa7 Qd5
30.Rc7 Rxc7 31.Qxc7 Qd6 32.Qa7 Qf6 33.Rb7 Kh7 34.Rf7 Rd1+ 35.Kh2 Qg5 36.g3 Rd2
37.Kg1 Rxc2 38.Qd7 e3 39.Rxg7+ Qxg7 40.Qxf5+ Qg6 41.Qd7+ Kg8 42.Qc8+ Kh7
43.Qd7+ Kh8 44.Qd8+ Kg7 45.Qd7+ Kf6 46.Qd6+ Kf5 47.Qd3+ Kg5 48.Qxe3+ Kf6
49.Qc5 Qe8 50.Qd6+ Kg7 51.Qd1 Ra2 52.Qg4+ Kh8 53.Qh4 Ra7 54.Qxh6+ Kg8 55.Qg5+ Rg7
56.Qh4 Qe6 57.Qd8+ Kf7 58.h4 Rg8 59.Qd1 Qg4 60.Qd6 Qe6 61.Qd1 Ke7 62.Qa4 Rd8
63.Qa7+ Rd7 64.Qc5+ Qd6 65.Qe3 Qf6 66.Qe4 Kd6 67.Qb4+ Kc7 68.Qa5+ Kc8 69.Qa8+ Kc7
70.Qa5+ Kd6 71.Qb4+ Ke6 72.Qg4+ Ke7 73.Qb4+ Qd6 74.Qe4 Qd5 75.Qh7+ Kd6 76.Qh6+ Kc7
77.Qe3 Kb7 78.Kh2 Rf7 79.Kg1 Qf3 80.Qc5 Rd7 81.Qf8 Qxf8  0-1

[Event "Indonesia Open 2013"]
[Site "Jakarta INA"]
[Date "2013.10.11"]
[Round "2.47"]
[White "Dewi,A"]
[Black "Zozulia,A"]
[Result "1-0"]
[WhiteElo "2133"]
[BlackElo "2330"]

1.e4 c5 2.Nf3 e6 3.d4 cxd4 4.Nxd4 Nc6 5.Nc3 Qc7 6.Be3 a6 7.Be2 b5 8.O-O Ne5
9.Ndxb5 axb5 10.Nxb5 Qc6 11.Bd4 d6 12.a4 Bd7 13.f4 Nc4 14.Qd3 d5 15.exd5 exd5
16.Bf3 Ne7 17.Rfe1 Kd8 18.b3 Nd6 19.c4 Qa6 20.Bc5 Ndc8 21.Bxd5 Nxd5 22.Qxd5 Bxc5+
23.Qxc5 Qb6 24.Qxb6+ Nxb6 25.Rad1 Kc8 26.Nd6+ Kc7 27.Re7 Rhd8 28.Rxf7 Kc6
29.Nb5 Nc8 30.Rxg7 Bf5 31.Nd4+ Kb6 32.a5+ Ka6 33.b4 Be4 34.Ra1  1-0

[Event "66th ch-RUS 2013"]
[Site "Nizhny Novgorod RUS"]
[Date "2013.10.11"]
[Round "6.1"]
[White "Nepomniachtchi,I"]
[Black "Vitiugov,N"]
[Result "1-0"]
[WhiteElo "2702"]
[BlackElo "2729"]

1.e4 c5 2.Nf3 e6 3.d4 cxd4 4.Nxd4 Nc6 5.Nc3 Qc7 6.f4 a6 7.Nxc6 Qxc6 8.Bd3 b5
9.Qe2 Bb7 10.Bd2 Bc5 11.O-O-O Ne7 12.a3 O-O 13.Qh5 f6 14.g4 Rac8 15.Rhe1 Qb6
16.Kb1 Bd4 17.Ne2 Bf2 18.Rf1 Rf7 19.Qh3 Ng6 20.Bc1 Bc5 21.e5 b4 22.axb4 Bxb4
23.f5 exf5 24.Bxf5 Nf8 25.exf6 g6 26.Bd3 Rxf6 27.b3 Rxf1 28.Rxf1 Ne6 29.Bb2 Rf8
30.Rd1 Rf3 31.Qh4 Bc6 32.Bc4 Bb5 33.Nd4 Rf7 34.Nxe6 Bxc4 35.Ng5 Re7 36.Qh3 Be2
37.Qg2 Re8 38.Qd5+  1-0

[Event "TCh-ISL Div1 2013-14"]
[Site "Reykjavik ISL"]
[Date "2013.10.11"]
[Round "2.5"]
[White "Ulfarsson,M"]
[Black "Bergsson,Sn"]
[Result "1-0"]
[WhiteElo "2389"]
[BlackElo "2302"]

1.e4 c5 2.Nf3 e6 3.d4 cxd4 4.Nxd4 Nc6 5.Nc3 Qc7 6.Be3 a6 7.Qd2 Nf6 8.O-O-O Bb4
9.f3 Ne5 10.Nb3 b5 11.Bd4 Be7 12.Qf2 Nc4 13.g4 O-O 14.Qg3 Bd6 15.Qh4 h6 16.Kb1 Ne5
17.Qf2 Ng6 18.h4 Bg3 19.Qg1 Bxh4 20.e5 Ne8 21.f4 Bb7 22.f5 b4 23.fxg6 Bxh1
24.Qxh1 Rc8 25.Qxh4 fxg6 26.Bd3 bxc3  1-0

[Event "4th Continental Class 2013"]
[Site "Arlington USA"]
[Date "2013.10.12"]
[Round "5.8"]
[White "Pressman,L"]
[Black "Homa,S"]
[Result "1/2-1/2"]
[WhiteElo "2250"]
[BlackElo "2351"]

1.e4 c5 2.Nf3 e6 3.d4 cxd4 4.Nxd4 Nc6 5.Nc3 Qc7 6.Be2 a6 7.Be3 Nf6 8.O-O Bb4
9.Nxc6 bxc6 10.f4 Bxc3 11.bxc3 c5 12.Bf3 Bb7 13.e5 Nd5 14.Qd2 O-O 15.Bf2 c4
16.Bd4 f5 17.Rab1 Rac8 18.Kh1 Ba8 19.Bxd5 Bxd5 20.Rb6 Rb8 21.Rxa6 Ra8 22.Rxa8 Rxa8
23.Ra1 Qb7 24.a4 Qc6 25.Kg1 Rxa4 26.Rxa4 Qxa4 27.h3 Qa1+ 28.Kh2 Qf1 29.Bc5 h6
30.Be3 Kh7 31.Qf2 Qd1 32.Qd2 Qb1 33.Qf2 Be4 34.Qd2 Qb5 35.Bd4 Qa4 36.Bc5 Bxc2
37.Bd4 Be4 38.Bc5 Qa1 39.Bd4 Qf1 40.Be3 Bd5 41.Bd4 Kg8 42.Be3 Qb1 43.Bc5 Qe4
44.Bd4 Kh7 45.Kg1 Bc6 46.Kh2 Kg6 47.Kg1 Kf7 48.Kh2 Ke8 49.Kg1 Qb1+ 50.Kh2 Qf1
51.Be3 g5 52.fxg5 f4 53.Qf2 Qxf2 54.Bxf2 hxg5 55.g3 Kf7 56.h4 Kg6 57.hxg5 Kxg5
58.gxf4+ Kxf4 59.Bd4 Ke4 60.Kg3 d6 61.exd6 e5 62.Bb6 Kd3 63.Ba5 Ke2 64.Bb6  1/2-1/2

[Event "7th Univ Cent Open 2013"]
[Site "Bogota COL"]
[Date "2013.10.12"]
[Round "5.8"]
[White "Barrientos,S"]
[Black "Ruiz Aguilar,P"]
[Result "1/2-1/2"]
[WhiteElo "2474"]
[BlackElo "2239"]

1.e4 c5 2.Nf3 e6 3.d4 cxd4 4.Nxd4 Nc6 5.Nc3 Qc7 6.Be3 a6 7.a3 b5 8.Be2 Bb7
9.f4 b4 10.axb4 Bxb4 11.Nb3 Nf6 12.Bf3 Na5 13.Qd4 Nc4 14.Bc1 Rc8 15.O-O Bxc3
16.bxc3 O-O 17.Re1 d6 18.Qf2 Rfe8 19.Nd4 d5 20.e5 Ne4 21.Bxe4 dxe4 22.Qg3 Red8
23.Rb1 Rd7 24.h4 Kh8 25.Kh2 Bd5 26.Rf1 f5 27.h5 Rb8 28.Be3 Rdd8 29.Ra1 a5
30.Bf2 Qf7 31.Qh3 h6 32.Nb3 e3 33.Bxe3 Nxe3 34.Qxe3 Qxh5+ 35.Kg1 Qg4 36.Qf2 Bxb3
37.cxb3 Rxb3 38.c4 Rc3 39.Rxa5 Rxc4 40.Ra3 Rdd4 41.Rf3 Kh7 42.Qe3 Re4 43.Qf2 Rcd4
44.Kh2 Qh5+ 45.Kg1 Qe8 46.Qa2 Qd7 47.Qa6 Ra4 48.Qb6 Reb4 49.Qf2 Rd4 50.Qg3 Qa7
51.Qf2 Qa5 52.Kh2 Qd5 53.Qc2 Ra2 54.Qb3 Rdd2 55.Rg1 Qd7 56.Rg3 Rab2 57.Qf3 Rf2
58.Qh5 Rxf4 59.Rd1 Rh4+ 60.Qxh4 Qxd1 61.Rxg7+ Kxg7 62.Qf6+ Kh7 63.Qf7+ Kh8  1/2-1/2

[Event "7th Univ Cent Open 2013"]
[Site "Bogota COL"]
[Date "2013.10.12"]
[Round "6.2"]
[White "Escobar Forero,A"]
[Black "Gonzalez Vidal,Y"]
[Result "1/2-1/2"]
[WhiteElo "2455"]
[BlackElo "2523"]

1.e4 c5 2.Nf3 e6 3.d4 cxd4 4.Nxd4 Nc6 5.Nc3 Qc7 6.g3 a6 7.Bg2 d6 8.O-O Bd7
9.Re1 Be7 10.Nxc6 Bxc6 11.Ne2 Nf6 12.Nd4 Bd7 13.a4 Rc8 14.b3 b5 15.axb5 axb5
16.Ba3 e5 17.Nf5 Bxf5 18.exf5 O-O 19.Bb4 d5 20.Bxe7 Qxe7 21.Bxd5 Rfd8  1/2-1/2

[Event "Indonesia Open 2013"]
[Site "Jakarta INA"]
[Date "2013.10.12"]
[Round "3.47"]
[White "Tamin,U"]
[Black "Yoseph,Theolifus Taher"]
[Result "0-1"]
[WhiteElo "2151"]
[BlackElo "2345"]

1.e4 c5 2.Nf3 Nc6 3.d4 cxd4 4.Nxd4 e6 5.Nc3 Qc7 6.Be2 a6 7.a3 Nf6 8.Be3 Be7
9.O-O d6 10.Kh1 O-O 11.f4 Nxd4 12.Qxd4 e5 13.Qd3 exf4 14.Bxf4 Be6 15.Qg3 Ne8
16.Bd3 Bf6 17.Rae1 Bxc3 18.bxc3 f6 19.Re3 Rf7 20.Ref3 Rd8 21.Bc1 Rdd7 22.Qh4 g6
23.Bb2 Qb6 24.Ba1 d5 25.exd5 Bxd5 26.R3f2 Rd6 27.c4 Bc6 28.Bc3 Re6 29.h3 Kg7
30.Bd2 Qc5 31.Qg4 Re5 32.Bb4 Qb6 33.c5 Qc7 34.Qg3 Re1 35.Qh4 Rxf1+ 36.Bxf1 Bd5
37.Bc4 Bxc4 38.Qxc4 Qc6 39.Qf4 Nc7 40.Qd6 Rd7 41.Qxc6 bxc6 42.Bc3 Ne8 43.Rf4 Rb7
44.Bd4 Kf7 45.Kh2 Ke6 46.Be3 Rb5 47.Re4+ Kd7 48.Bd4 f5 49.Re1 Ra5 50.Rb1 Rb5
51.Rd1 Rb7 52.Bc3+ Ke6 53.Re1+ Kf7 54.g4 f4 55.g5 Re7 56.Rxe7+ Kxe7 57.Be5 Ke6
58.Bxf4 Kd5 59.Kg3 Ke4 60.Bd6 Ng7 61.h4 Nf5+ 62.Kh3 Nd4 63.c3 Nb5 64.a4 Nxc3
65.a5 Kf3 66.h5 Ne4 67.hxg6 hxg6 68.Kh4 Nd2 69.Bc7 Nb3 70.Bb6 Kf4 71.Bc7+ Kf5
72.Bb6 Nd4 73.Bd8 Nf3+  0-1

[Event "Indonesia Open 2013"]
[Site "Jakarta INA"]
[Date "2013.10.12"]
[Round "4.5"]
[White "Vaibhav,S"]
[Black "Iturrizaga,E"]
[Result "1/2-1/2"]
[WhiteElo "2527"]
[BlackElo "2658"]

1.e4 c5 2.Nf3 e6 3.d4 cxd4 4.Nxd4 Nc6 5.Nc3 Qc7 6.Be2 Nf6 7.O-O Be7 8.Be3 O-O
9.f4 d6 10.Kh1 a6 11.a4 Bd7 12.Nb3 b6 13.Bf3 Rab8 14.g4 Rfc8 15.g5 Ne8 16.Qe2 Na5
17.Nxa5 bxa5 18.Rab1 Rb4 19.Bd2 Qb6 20.b3 Qd4 21.Qe1 Rbb8 22.Rc1 Bd8 23.Nd1 Bc6
24.Nf2 Bb6 25.Nd3 d5 26.Ne5 dxe4 27.Nxc6 Rxc6 28.Qxe4 Rd6 29.Qxd4 Rxd4 30.Rcd1 Rc8
31.c3 Rdd8 32.Be2  1/2-1/2

[Event "TCh-FIN SM 2013-14"]
[Site "Turku FIN"]
[Date "2013.10.12"]
[Round "3.3"]
[White "Kokkila,T"]
[Black "Kolosowski,M"]
[Result "0-1"]
[WhiteElo "2304"]
[BlackElo "2423"]

1.e4 c5 2.Nc3 Nc6 3.Nf3 e6 4.d4 cxd4 5.Nxd4 Qc7 6.Be3 a6 7.f4 b5 8.Nxc6 Qxc6
9.Bd3 Bb7 10.Qf3 Nf6 11.e5 Qxf3 12.gxf3 Ng4 13.Bd4 Bxf3 14.O-O Bc6 15.a4 b4
16.Ne4 Nh6 17.a5 Nf5 18.Bb6 d6 19.Rad1 d5 20.Nc5 Bb5 21.Bxb5+ axb5 22.Nb3 Be7
23.Rf3 Kd7 24.c3 Rhc8 25.Nd4 Nxd4 26.cxd4 g6 27.Kf1 Bd8 28.Bxd8 Kxd8 29.Ra1 Ra6
30.Rh3 h5 31.Rd3 Rca8 32.Rb3 Rxa5 33.Rxa5 Rxa5 34.Rxb4 Kc7 35.Kf2 Kb6 36.Kg3 Ra1
37.Rb3 Rd1 38.Rc3 Rxd4 39.Rc8 g5  0-1

[Event "35th Arco Open 2013"]
[Site "Arco ITA"]
[Date "2013.10.13"]
[Round "2.8"]
[White "Ambartsumova,K"]
[Black "Astengo,C"]
[Result "1/2-1/2"]
[WhiteElo "2320"]
[BlackElo "2064"]

1.e4 c5 2.Nf3 e6 3.d4 cxd4 4.Nxd4 Nc6 5.Nc3 Qc7 6.Be3 a6 7.Qd2 Nf6 8.O-O-O Be7
9.f3 b5 10.g4 Nxd4 11.Qxd4 Bb7 12.g5 Nh5 13.Ne2 Rc8 14.Qd2 d5 15.e5 Qxe5
16.Bh3 Qc7 17.Bg4 g6 18.Bxh5 gxh5 19.f4 d4 20.Bxd4 Bxh1 21.Rxh1 O-O 22.c3 Rfd8
23.Qe3 Bc5 24.Kb1 b4 25.Rc1 bxc3 26.Qxc3 Bb6 27.Qb3 Qxc1+ 28.Nxc1 Bxd4 29.Qf3  1/2-1/2

[Event "4th Continental Class 2013"]
[Site "Arlington USA"]
[Date "2013.10.13"]
[Round "8.9"]
[White "Pressman,L"]
[Black "Hasan,Me"]
[Result "0-1"]
[WhiteElo "2250"]
[BlackElo "2254"]

1.e4 c5 2.Nf3 e6 3.d4 cxd4 4.Nxd4 Nc6 5.Nc3 Qc7 6.Be2 a6 7.O-O Nf6 8.Be3 Be7
9.f4 d6 10.Qe1 O-O 11.Kh1 Nxd4 12.Bxd4 b5 13.e5 dxe5 14.fxe5 Nd7 15.Ne4 Bb7
16.Nf6+ Nxf6 17.exf6 gxf6 18.Bd3 Rfd8 19.Bxf6 Bxf6 20.Rxf6 Rxd3 21.cxd3 Qc2
22.Qg3+ Kh8 23.Rf2 Qc5 24.Re1 Rg8 25.Qe5+ Qxe5 26.Rxe5 Bd5 27.Rc2 Bxa2 28.Kg1 Bd5
29.b4 Rg4 30.Rb2 f5 31.g3 h5 32.Kf2 h4 33.Rb1 Kg7 34.Re2 Kf6 35.gxh4 Rxh4
36.Ke3 Ke5 37.Kd2+ Kd4 38.Ra1 Rh3 39.Rxa6 Rxd3+ 40.Ke1 Rb3 41.Rd6 Kc4 42.Kf2 Rh3
43.Kg1 Kxb4  0-1

[Event "TCh-Belgrade Premier liga 2013"]
[Site "Belgrade SRB"]
[Date "2013.10.13"]
[Round "2.6"]
[White "Ravic,N"]
[Black "Andrejic,V"]
[Result "1/2-1/2"]
[WhiteElo "2308"]
[BlackElo "2210"]

1.e4 c5 2.Nf3 e6 3.d4 cxd4 4.Nxd4 Nc6 5.Nc3 Qc7 6.Be3 a6 7.f4 b5 8.Bd3 Bb7
9.Nb3 d6 10.O-O Nf6 11.a4 b4 12.Nb1 h5 13.h3 Na5 14.Nxa5 Qxa5 15.Nd2 d5 16.Nb3 Qc7
17.e5 Ne4 18.Kh2 Rc8 19.Qe2 h4 20.Rfc1 Ng3 21.Qf2 Be7 22.Bb6 Qb8 23.Nc5 Ne4
24.Bxe4 dxe4 25.Qd4 Bd5 26.a5 Bxc5 27.Bxc5 Qb5 28.c4 Qxc5 29.Qxc5 Rxc5 30.cxd5 Rxd5
31.Rc8+ Rd8 32.Rc6 g5 33.Re1 gxf4 34.Rxe4 Rh5 35.Rxf4 Rxe5 36.Rxa6 Rd2 37.Rxb4 Rg5
38.Rg4 Rxg4 39.hxg4 Rxb2 40.Kh3 e5 41.Ra8+ Ke7 42.a6 e4 43.a7 Ra2 44.Kxh4 e3
45.Kg3 e2 46.Kf2 Kf6 47.Ke1 Kg7  1/2-1/2

[Event "TCh-FIN SM 2013-14"]
[Site "Helsinki FIN"]
[Date "2013.10.13"]
[Round "4.4"]
[White "Kokkila,T"]
[Black "Ristoja,S"]
[Result "1-0"]
[WhiteElo "2304"]
[BlackElo "2103"]

1.e4 c5 2.Nf3 e6 3.d4 cxd4 4.Nxd4 Nc6 5.Nc3 Qc7 6.Be3 a6 7.f4 Bb4 8.Qg4 Nce7
9.Qxg7 Ng6 10.f5 Bf8 11.Nxe6 dxe6 12.Qd4 Ne5 13.O-O-O Ne7 14.Bb5+ N7c6 15.Bxc6+ bxc6
16.Bg5 Be7 17.Bxe7 Kxe7 18.Qc5+ Ke8 19.fxe6 Bxe6 20.Nd5 Bxd5 21.exd5 f6 22.Rhf1 Qe7
23.d6 Qe6 24.d7+ Nxd7 25.Qh5+ Ke7 26.Rde1 Ne5 27.Qh4 Rhf8 28.Rxe5 Qxe5 29.Re1 Qxe1+
30.Qxe1+ Kf7 31.Qe4 Kg7 32.Qxc6 Ra7 33.b4 Rff7 34.Kb2 Rfc7 35.Qe4 Rab7 36.Kb3 Rb6
37.a4 Kf8 38.c4 Re7 39.Qa8+ Kg7 40.b5 axb5 41.axb5 Rbe6 42.Qc8 Re2 43.b6 Rxg2
44.b7 Re3+ 45.Kb4 Rb2+ 46.Kc5 Reb3 47.Qd7+ Kg6 48.Qb5 Rxb5+ 49.cxb5 Rc2+
50.Kb4 Rxh2 51.b8=Q Rh4+ 52.Kc3 h5 53.b6 Rh1 54.Qg8+  1-0

[Event "12th Istanbul Open A 2013"]
[Site "Istanbul TUR"]
[Date "2013.10.13"]
[Round "3.1"]
[White "Baglan,E"]
[Black "Yilmaz,M"]
[Result "0-1"]
[WhiteElo "2079"]
[BlackElo "2567"]

1.e4 c5 2.Nf3 Nc6 3.d4 cxd4 4.Nxd4 e6 5.Nc3 Qc7 6.Be3 a6 7.Qd2 Nf6 8.f3 Bb4
9.O-O-O Ne7 10.g4 d5 11.g5 Nd7 12.Nde2 dxe4 13.fxe4 O-O 14.a3 Ba5 15.Bf4 e5
16.Bg3 b5 17.Bh3 Nb6 18.Bxc8 Raxc8 19.Qd6 Qb7 20.Qxe5 Nc4 21.Qd4 Rfd8 22.Nd5 Nxd5
23.exd5 Bb6 24.Qd3 Ne3 25.d6 Rxc2+ 26.Kb1 Nxd1 27.Rxd1 Rc4 28.Nc3 Bd4 29.Ne2 Bc5
30.b3 Bxd6 31.Bxd6 Rc6 32.Qe3 Qd7  0-1

[Event "ch-CYP 2013"]
[Site "Nikosia/Larnaca/Limassol CYP"]
[Date "2013.10.13"]
[Round "8"]
[White "Theocharous,Stelios"]
[Black "Savva,P"]
[Result "1/2-1/2"]
[WhiteElo "1692"]
[BlackElo "2033"]

1.e4 c5 2.Nf3 e6 3.d4 cxd4 4.Nxd4 Nc6 5.Nc3 Qc7 6.Be2 a6 7.O-O Nf6 8.Be3 Bb4
9.f3 b5 10.a3 Be7 11.Qd2 Bb7 12.Rfd1 O-O 13.Nb3 Ne5 14.Bf4 Rac8 15.Rac1 Rfd8
16.Bxe5 Qxe5 17.f4 Qc7 18.e5 Ne4 19.Nxe4 Bxe4 20.c4 Qb7 21.cxb5 Rxc1 22.Rxc1 axb5
23.Nc5 Qb6 24.b4 d6 25.exd6 Bxd6 26.Qe3 Bd5 27.Bf3 Bc4 28.Kf2 Qc7 29.g3 Be7
30.Ne4 Rc8 31.Nd2 Qd8 32.Nxc4 Rxc4 33.Rxc4 bxc4 34.Qc3 h6 35.Qxc4 Qd2+ 36.Qe2 Qc3
37.Qe3 Qb2+ 38.Be2 Bf6 39.Kg2 Bc3 40.Qd3 g6 41.b5 Qxa3 42.Qc2 Qb4 43.Bf3 Bd4
44.Qe2 Kg7 45.Qe4 Qd2+ 46.Qe2 Qc1 47.Qf1 Qc5 48.Qd3 h5 49.Qe2 Qd6 50.Qd2 e5
51.fxe5 Qxe5 52.Qe2 Qf6 53.Qd2 h4 54.gxh4 Qxh4 55.h3 Be5 56.Qf2 Qf4 57.h4 Qh2+
58.Kf1 Qh3+ 59.Bg2 Qd3+ 60.Qe2 Qb1+ 61.Kf2 Qf5+ 62.Bf3 Qf4 63.Qe4 Qh2+ 64.Bg2 Bg3+
65.Kf3 Bd6 66.Qd4+ Be5 67.Qg4 Qg1 68.Qe4 Qd1+ 69.Qe2 Qd5+ 70.Kf2 Bd4+ 71.Ke1 Qc5
72.Bc6 Qc1+ 73.Qd1 Qe3+ 74.Qe2 Qg3+ 75.Kd2 Qxh4 76.Qc4 Be3+ 77.Kd3 Qg3 78.Be8 Bg5+
79.Kc2 Qf2+ 80.Kb3 Qe3+ 81.Qc3+ Qxc3+ 82.Kxc3 Be3 83.Kd3 Bb6 84.Ke4 f5+ 85.Kf4 Kf6
86.Bd7 g5+ 87.Kg3 Bc7+ 88.Kg2 g4 89.Bc6 Kg5 90.Bd5 f4 91.Bc6 Bb6 92.Bb7 Kf6
93.Be4 Ke5 94.Bd3 Kd4 95.Be2  1/2-1/2